000 00501cam a2200145 4500500
005 20251012032134.0
041 _afre
042 _adc
100 1 0 _aUlrich-Pier, Raphaële
_eauthor
245 0 0 _aLa France en 1940, une puissance sur le papier ?
260 _c2025.
500 _a94
786 0 _nRevue d'Histoire Diplomatique | 138e aée | 1 | 2025-03-31 | p. 55-69 | 0035-2365
856 4 1 _uhttps://shs.cairn.info/revue-d-histoire-diplomatique-2025-1-page-55?lang=fr&redirect-ssocas=7080
999 _c1546741
_d1546741